000 00378nam a2200145Ia 4500
008 221030s9999 xx 000 0 und d
020 _a8120340091
082 _a105.23
100 _aD. K. Bhattacharyya
245 0 _aCross Cultural Management Text & Cases
_cby D. K. Bhattacharya
260 _bPHI
_aNew Delhi
_c2010
300 _a344
650 _aManagement
942 _cBK
_2ddc
999 _c9693
_d9693